Central Library and Information Centre
Sibsagar Girls' College, Sivasagar : Assam

LOCAL GOVERNMENT(ENGLAND, FRANCH, USA, USSR, INDIA) (Record no. 2970)

MARC details
000 -LEADER
fixed length control field 00534cam a2200205ua 4500
008 - FIXED-LENGTH DATA ELEMENTS--GENERAL INFORMATION
fixed length control field 160506n II |||gr||||Z||||||eng
040 ## - CATALOGING SOURCE
Original cataloging agency MAIN
041 ## - LANGUAGE CODE
-- English
082 ## - DEWEY DECIMAL CLASSIFICATION NUMBER
Classification number 320.8 NIG
100 ## - MAIN ENTRY--PERSONAL NAME
Personal name NIGAM, S. R.
100 ## - MAIN ENTRY--PERSONAL NAME
Personal name NIGAM, S. R.,
Relator term AUTHOR.
245 ## - TITLE STATEMENT
Title LOCAL GOVERNMENT(ENGLAND, FRANCH, USA, USSR, INDIA)
250 ## - EDITION STATEMENT
Edition statement 3RD /
Remainder of edition statement REP.
260 ## - PUBLICATION, DISTRIBUTION, ETC.
Place of publication, distribution, etc. NEW DELHI
Name of publisher, distributor, etc. S.CHAND & COMPANY
Date of publication, distribution, etc. 1987.
300 ## - PHYSICAL DESCRIPTION
Extent 252:
Dimensions 20CM.
700 ## - ADDED ENTRY--PERSONAL NAME
Personal name KHOSLA, J.N.,
Relator term FORWORD.
942 ## - ADDED ENTRY ELEMENTS (KOHA)
Koha item type Books
653 ## - INDEX TERM--UNCONTROLLED
Uncontrolled term Local Self Government
Holdings
Withdrawn status Lost status Damaged status Not for loan Collection code Home library Current library Shelving location Date acquired Full call number Barcode Date last seen Copy number Price effective from Koha item type Public note
        REFPSC Central Library and Information Centre Sibsagar Girls College Central Library and Information Centre Sibsagar Girls College Political Science Rack 07.03.1985 320.8 NIG 11214 27.02.2020 1 27.02.2020 Books  
        TBPSC Central Library and Information Centre Sibsagar Girls College Central Library and Information Centre Sibsagar Girls College POLITICAL SC BOOK RACK 07.03.1985 320.8 NIG 11215 27.02.2020 2 27.02.2020 Books V
        TBPSC Central Library and Information Centre Sibsagar Girls College Central Library and Information Centre Sibsagar Girls College POLITICAL SC BOOK RACK 07.03.1985 320.8 NIG 11216 27.02.2020 3 27.02.2020 Books V


Sibsagar Girl's College © 2020. All rights reserved.
Powered by Koha.
Maintained by Abhijit Borpuzari.